00516nam a2200181Ia 450000500170000000800460001702000220006303700120008504000200009704100130011708400190013010000190014924500460016826000380021430000150025236500130026749000540028020250508165459.0008 250505s9999 xx 000 0 eng d a978-0-415-59777-7 aTextual aFEDLbengcFEDL aeng2eng a172, PFOqFEDL aPfostl Eva Ed. 0aBetween ethics and politics: Gandhi today aNew Delhi, IndiabRoutledgec2014 axii, 184p. aINRb595 aEthics, Human Rights and Global Political Thought